I Hate Boston - Renee Rapp (All Lyrics) - Statistics

General Stats
  • This quiz has been taken 52 times
  • The average score is 172 of 206
Answer Stats
Lyrics % Correct
a
100%
Boston?
100%
do
100%
hate
100%
I
100%
it
100%
love
100%
make
100%
me
100%
me?
100%
not
100%
that
100%
You
100%
you
100%
don't
96%
Don't
96%
fault
96%
fault,
96%
How
96%
It's
96%
its
96%
just
96%
The
96%
the
96%
to
96%
be
93%
but
93%
How'd
93%
I'm
93%
was
93%
And
89%
casualty
89%
He
89%
feel
86%
leave
86%
Made
86%
we
86%
charm,
82%
chose
82%
city
82%
down
82%
so
82%
tourist
82%
way
82%
As
79%
as
79%
casual's
79%
Had
79%
hero
79%
hometown
79%
important
79%
is
79%
lost
79%
should
79%
whole
79%
around
75%
big
75%
burn
75%
got
75%
in
75%
showed
75%
your
75%
'cause
71%
have
71%
on
71%
they
71%
concerned
68%
far
68%
forbid,
68%
of
68%
sleep?
68%
thing
68%
you're
68%
attention
64%
center
64%
cover
64%
God
64%
miss
64%
Why'd
64%
all
61%
basement
61%
couch
61%
exhausted
61%
Family
61%
ground?
61%
hostage
61%
much
61%
must
61%
my
61%
Still
61%
stuck
61%
when
61%
every
57%
father's
57%
haunted
57%
heard
57%
held
57%
high
57%
name
57%
school
57%
sleepin'
57%
street
57%
sure
57%
confrontation
54%
Hid
54%
mentioned
54%
single
54%
yearbook
54%
Oh,
50%
Probably
50%
started
46%
over
39%
No matching quizzes found
Score Distribution
Percent of People with Each Score
Percentile by Number Answered
Your Score History
You have not taken this quiz